Breath of new life : (Record no. 11870)
[ view plain ]
| 000 -LEADER | |
|---|---|
| fixed length control field | 00652nam a22002172 4500 |
| 001 - CONTROL NUMBER | |
| control field | 0000012413 |
| 003 - CONTROL NUMBER IDENTIFIER | |
| control field | OSt |
| 005 - DATE AND TIME OF LATEST TRANSACTION | |
| control field | 20140825164442.0 |
| 008 - FIXED-LENGTH DATA ELEMENTS--GENERAL INFORMATION | |
| fixed length control field | 080605s1999 tnu b 000 0 eng d |
| 020 ## - INTERNATIONAL STANDARD BOOK NUMBER | |
| International Standard Book Number | 0687075645 |
| 040 ## - CATALOGING SOURCE | |
| Original cataloging agency | PUL |
| Transcribing agency | PUL |
| 050 ## - LIBRARY OF CONGRESS CALL NUMBER | |
| Classification number | BX8349.L43 |
| Item number | M88 1999 |
| 100 1# - MAIN ENTRY--PERSONAL NAME | |
| Personal name | Mutti, Fritz, |
| Dates associated with a name | 1938-. |
| 245 10 - TITLE STATEMENT | |
| Title | Breath of new life : |
| Remainder of title | eight marks of spiritual leadership / |
| Statement of responsibility, etc | Fritz Mutti. |
| 260 ## - PUBLICATION, DISTRIBUTION, ETC. (IMPRINT) | |
| Place of publication, distribution, etc | Nashville, TN : |
| Name of publisher, distributor, etc | Abingdon Press, |
| Date of publication, distribution, etc | c1999. |
| 300 ## - PHYSICAL DESCRIPTION | |
| Extent | 63 p. ; |
| Dimensions | 22 cm. |
| 504 ## - BIBLIOGRAPHY, ETC. NOTE | |
| Bibliography, etc | Includes bibliographical references (p. 61-63). |
| 650 #0 - SUBJECT ADDED ENTRY--TOPICAL TERM | |
| Topical term or geographic name as entry element | Christian leadership |
| General subdivision | Methodist Church. |
| 908 ## - PUT COMMAND PARAMETER (RLIN) | |
| Put command parameter | 080605 |
| 942 ## - ADDED ENTRY ELEMENTS (KOHA) | |
| Source of classification or shelving scheme | Library of Congress Classification |
| Koha item type | General circulation books |
| Withdrawn status | Lost status | Source of classification or shelving scheme | Damaged status | Not for loan | Home library | Current library | Date acquired | Source of acquisition | Total Checkouts | Full call number | Barcode | Date last seen | Price effective from | Koha item type |
|---|---|---|---|---|---|---|---|---|---|---|---|---|---|---|
| Library of Congress Classification | Presbyterian University of East Africa - Main Library | Presbyterian University of East Africa - Main Library | 26/12/2012 | DON | BX8349.L43 M88 1999 | 020020014816 | 26/12/2012 | 26/12/2012 | General circulation books |
